书目信息 |
| 题名: |
建筑与市政施工企业安全员安全生产法律责任
|
|
| 作者: | ;建筑与市政施工企业安全生产法律责任简明丛书编委会 编 | |
| 分册: | ||
| 出版信息: | 北京 中国劳动社会保障出版社 2005.6 |
|
| 页数: | 150页 | |
| 开本: | 21cm | |
| 丛书名: | 建筑与市政施工企业安全生产法律责任简明丛书 | |
| 单 册: | ||
| 中图分类: | D922.549 | |
| 科图分类: | ||
| 主题词: | 建筑工程--jian zhu gong cheng--工程施工--安全生产--法律责任--中国--汇编 , 市政工程--shi zheng gong cheng--工程施工--安全生产--法律责任--中国--汇编 , 建筑工程--jian zhu gong cheng , 工程施工--gong cheng shi gong , 安全生产--an quan sheng chan , 法律责任--fa lu^ ze ren , 市政工程--shi zheng gong cheng | |
| 电子资源: | ||
| ISBN: | 7-5045-5034-5 | |
| 000 | 01679cam2 2200337 450 | |
| 001 | 012006098062 | |
| 005 | 20060329101010.10 | |
| 010 | @a7-5045-5034-5@dCNY10.00 | |
| 100 | @a200507161d2005 emy0chiy0121 eaa | |
| 101 | 0 | @achi |
| 102 | @aCN@b110000 | |
| 105 | @ak zn 000yy | |
| 200 | 1 | @a建筑与市政施工企业安全员安全生产法律责任@Ajian zhu yu shi zheng shi gong qi ye an quan yuan an quan sheng chan fa lu^ ze ren@f“建筑与市政施工企业安全生产法律责任简明丛书”编委会[编] |
| 210 | @a北京@c中国劳动社会保障出版社@d2005.6 | |
| 215 | @a150页@d21cm | |
| 225 | 2 | @a建筑与市政施工企业安全生产法律责任简明丛书@Ajian zhu yu shi zheng shi gong qi ye an quan sheng chan fa lu^ ze ren jian ming cong shu |
| 330 | @a本书主要阐述了依法加强安全生产管理工作、明确建筑与市政工程施工安全员的安全生产法律责任、依法建立生产安全制度和法律责任,规范建筑与市政工程施工的法律行为等。 | |
| 333 | @a阅读对象:建筑以及市政工程安全员 | |
| 461 | 0 | @12001 @a建筑与市政施工企业安全生产法律责任简明丛书 |
| 606 | 0 | @a建筑工程@Ajian zhu gong cheng@x工程施工@x安全生产@x法律责任@y中国@j汇编 |
| 606 | 0 | @a市政工程@Ashi zheng gong cheng@x工程施工@x安全生产@x法律责任@y中国@j汇编 |
| 606 | 0 | @a建筑工程@Ajian zhu gong cheng |
| 606 | 0 | @a工程施工@Agong cheng shi gong |
| 606 | 0 | @a安全生产@Aan quan sheng chan |
| 606 | 0 | @a法律责任@Afa lu^ ze ren |
| 606 | 0 | @a市政工程@Ashi zheng gong cheng |
| 690 | @aD922.549@v4 | |
| 711 | 02 | @a建筑与市政施工企业安全生产法律责任简明丛书编委会@Ajian zhu yu shi zheng shi gong qi ye an quan sheng chan fa lu^ ze ren jian ming cong shu bian wei hui@4编 |
| 801 | 0 | @aCN@bSRXX@c200507021 |
| 801 | 2 | @aCN@bSRXX@c20060329 |
| 905 | @a10447@dD922.549@eJ320 | |
| 建筑与市政施工企业安全员安全生产法律责任/“建筑与市政施工企业安全生产法律责任简明丛书”编委会[编].-北京:中国劳动社会保障出版社,2005.6 |
| 150页;21cm.-(建筑与市政施工企业安全生产法律责任简明丛书) |
| 使用对象:阅读对象:建筑以及市政工程安全员 |
| ISBN 7-5045-5034-5:CNY10.00 |
| 本书主要阐述了依法加强安全生产管理工作、明确建筑与市政工程施工安全员的安全生产法律责任、依法建立生产安全制度和法律责任,规范建筑与市政工程施工的法律行为等。 |
| ● |
| 相关链接 |
|
|
|
正题名:建筑与市政施工企业安全员安全生产法律责任
索取号:D922.549/J320
 
预约/预借
| 序号 | 登录号 | 条形码 | 馆藏地/架位号 | 状态 | 备注 |
| 1 | 548927 | 205489274 | 社科库509/509社科库 89排9列2层/ [索取号:D922.549/J320] | 在馆 | |
| 2 | 548928 | 205489283 | 社科库509/509社科库 89排9列2层/ [索取号:D922.549/J320] | 在馆 | |
| 3 | 548929 | 205489292 | 社科库509/509社科库 89排9列2层/ [索取号:D922.549/J320] | 在馆 |